Ładuje się......

Vidyabhyasathinte Rashtreeyam

Opis bibliograficzny
1. autor: Paula Frair
Format: Printed Book
Wydane: Fabian Books, Nooranadu
LEADER 00315nam a2200109 4500
082
100 |a Paula Frair 
245 |a Vidyabhyasathinte Rashtreeyam  |c Paula Frair 
260 |a Fabian Books, Nooranadu 
942 |c BK 
999 |c 196907  |d 196907 
952 |0 0  |1 0  |4 0  |7 0  |9 210256  |a DCI  |b DCI  |d 2019-10-29  |l 0  |p DCI3572  |r 2019-10-29  |w 2019-10-29  |y BK